[Event "II Open Internacional Blitz Quart de Pob"]
[Site "Quart de Poblet, Spain"]
[Date "2019.08.10"]
[Round "7.4"]
[White "Cortes Marti, Javier"]
[Black "Ballester Llagaria, Luis Eduardo"]
[Result "0-1"]
[WhiteElo "2011"]
[BlackElo "2291"]
[PlyCount "88"]
[EventDate "2019.??.??"]

1. d4 {[%clk 00:07:05]  [%emt 00:00:06]} 1... d5 {[%clk 00:07:06]} 2. c4 {
[%clk 00:07:07]} 2... dxc4 {[%clk 00:07:07]} 3. Nf3 {[%clk 00:07:09]} 3... Nf6
{[%clk 00:07:09]  [%emt 00:00:06]} 4. Nc3 {[%clk 00:07:08]  [%emt 00:00:07]}
4... a6 {[%clk 00:07:11]} 5. a4 {[%clk 00:07:10]} 5... Nc6 {
[%clk 00:07:13]  [%emt 00:00:04]} 6. e3 {[%clk 00:07:12]} 6... Na5 {
[%clk 00:07:15]} 7. Ne5 {[%clk 00:07:03]  [%emt 00:00:05]} 7... Be6 {
[%clk 00:07:17]} 8. Be2 {[%clk 00:06:56]  [%emt 00:00:18]} 8... c6 {
[%clk 00:07:11]  [%emt 00:00:21]} 9. O-O {[%clk 00:06:41]  [%emt 00:00:04]}
9... g6 {[%clk 00:07:08]  [%emt 00:00:03]} 10. Bf3 {
[%clk 00:06:36]  [%emt 00:00:06]} 10... Bg7 {[%clk 00:07:05]  [%emt 00:00:09]}
11. Qe2 {[%clk 00:06:37]  [%emt 00:00:03]} 11... O-O {
[%clk 00:06:56]  [%emt 00:00:09]} 12. Rd1 {[%clk 00:06:38]  [%emt 00:00:08]}
12... Nd7 {[%clk 00:05:58]  [%emt 00:00:57]} 13. Nxd7 {
[%clk 00:05:52]  [%emt 00:00:47]} 13... Qxd7 {[%clk 00:05:47]  [%emt 00:00:18]}
14. d5 {[%clk 00:05:54]  [%emt 00:00:04]} 14... cxd5 {
[%clk 00:05:31]  [%emt 00:00:12]} 15. Nxd5 {[%clk 00:05:52]  [%emt 00:00:41]}
15... Bxd5 {[%clk 00:05:19]  [%emt 00:00:04]} 16. Rxd5 {[%clk 00:05:53]} 16...
Qc7 {[%clk 00:05:21]} 17. Bd2 {[%clk 00:05:42]} 17... Nb3 {[%emt 00:00:34]} 18.
Rb1 {[%emt 00:00:12]} 18... e6 {[%clk 00:05:12]  [%emt 00:00:03]} 19. Rg5 {
[%clk 00:04:45]  [%emt 00:00:44]} 19... Rfd8 {[%clk 00:05:13]  [%emt 00:00:04]}
20. Be1 {[%clk 00:04:35]} 20... Rac8 {[%emt 00:00:43]} 21. Qc2 {
[%clk 00:04:21]  [%emt 00:00:06]} 21... h6 {[%clk 00:03:37]  [%emt 00:00:58]}
22. Rg4 {[%clk 00:04:17]  [%emt 00:00:10]} 22... b5 {
[%clk 00:03:38]  [%emt 00:00:04]} 23. axb5 axb5 {[%clk 00:03:40]} 24. h4 {
[%clk 00:03:28]  [%emt 00:00:26]} 24... Qd7 {[%clk 00:03:26]  [%emt 00:00:17]}
25. Rg3 {[%clk 00:02:57]  [%emt 00:00:57]} 25... Nd2 {
[%clk 00:02:45]  [%emt 00:00:45]} 26. Rc1 {[%clk 00:02:35]  [%emt 00:00:06]}
26... Nxf3+ {[%clk 00:02:43]  [%emt 00:00:03]} 27. Rxf3 {
[%clk 00:02:37]  [%emt 00:00:03]} 27... Qd3 {[%clk 00:02:38]  [%emt 00:00:05]}
28. Rf4 {[%clk 00:01:52]  [%emt 00:00:46]} 28... Be5 {
[%clk 00:02:01]  [%emt 00:00:41]} 29. Re4 {[%clk 00:01:33]  [%emt 00:00:38]}
29... Bf6 {[%clk 00:01:48]  [%emt 00:00:04]} 30. Bc3 {
[%clk 00:01:18]  [%emt 00:00:13]} 30... Bxc3 {[%clk 00:01:35]  [%emt 00:00:16]}
31. bxc3 {[%clk 00:01:20]  [%emt 00:00:32]} 31... Rd5 {
[%clk 00:01:04]  [%emt 00:00:08]} 32. Rd4 {[%clk 00:01:17]  [%emt 00:00:06]}
32... Rxd4 {[%clk 00:01:00]  [%emt 00:00:06]} 33. exd4 {
[%clk 00:01:18]  [%emt 00:00:04]} 33... Qxc2 {[%clk 00:00:58]  [%emt 00:00:08]}
34. Rxc2 {[%clk 00:01:20]} 34... Ra8 {[%clk 00:00:53]  [%emt 00:00:03]} 35. Kf1
{[%clk 00:01:18]  [%emt 00:00:17]} 35... Kf8 {[%clk 00:00:51]  [%emt 00:00:10]}
36. Ke2 {[%clk 00:01:20]} 36... Ke7 {[%clk 00:00:53]} 37. Ke3 {[%clk 00:01:22]}
37... Kd6 {[%clk 00:00:56]} 38. g4 {[%clk 00:01:13]  [%emt 00:00:04]} 38... Ra3
{[%clk 00:00:58]} 39. f3 {[%clk 00:01:11]  [%emt 00:00:14]} 39... b4 {
[%clk 00:01:00]} 40. Kd2 {[%clk 00:01:08]} 40... Rxc3 {[%clk 00:01:01]} 41.
Rxc3 {[%clk 00:01:10]} 41... bxc3+ {[%clk 00:01:02]} 42. Kc2 {
[%clk 00:01:02]  [%emt 00:00:07]} 42... g5 {[%clk 00:01:04]  [%emt 00:00:34]}
43. h5 {[%clk 00:01:03]} 43... Kd5 {[%clk 00:01:04]} 44. Kxc3 {[%clk 00:01:05]}
44... f6 {[%clk 00:01:06]} 0-1

[Event "II Open Internacional Blitz Quart de Pob"]
[Site "Quart de Poblet, Spain"]
[Date "2019.08.10"]
[Round "7.5"]
[White "Hassomal Daswani, Birjkumar"]
[Black "Castella Garcia, Fausto"]
[Result "0-1"]
[WhiteElo "1971"]
[BlackElo "2279"]
[PlyCount "72"]
[EventDate "2019.??.??"]

1. e4 {[%clk 00:07:05]} 1... c5 {[%clk 00:07:05]} 2. Nc3 {[%clk 00:07:07]} 2...
Nc6 {[%clk 00:07:07]} 3. f4 {[%clk 00:07:09]  [%emt 00:00:26]} 3... e6 {
[%clk 00:06:59]} 4. Nf3 {[%clk 00:07:09]} 4... d5 {[%clk 00:07:01]} 5. Bb5 {
[%clk 00:07:02]} 5... Nge7 {[%clk 00:07:02]  [%emt 00:00:09]} 6. d3 {
[%clk 00:06:51]  [%emt 00:00:09]} 6... d4 {[%clk 00:06:57]  [%emt 00:00:04]} 7.
Bxc6+ {[%clk 00:06:51]  [%emt 00:00:26]} 7... Nxc6 {[%clk 00:06:59]} 8. Ne2 {
[%clk 00:06:52]} 8... Be7 {[%clk 00:06:50]} 9. O-O {
[%clk 00:06:49]  [%emt 00:00:03]} 9... O-O {[%clk 00:06:51]} 10. Ng3 {
[%clk 00:06:45]  [%emt 00:00:05]} 10... f5 {[%clk 00:06:50]  [%emt 00:00:19]}
11. Bd2 {[%clk 00:06:39]  [%emt 00:00:07]} 11... b6 {
[%clk 00:06:33]  [%emt 00:00:09]} 12. Qe2 {[%clk 00:06:33]  [%emt 00:00:06]}
12... Nb4 {[%clk 00:06:15]  [%emt 00:00:20]} 13. Be1 {
[%clk 00:06:30]  [%emt 00:00:19]} 13... fxe4 {[%clk 00:06:03]  [%emt 00:00:14]}
14. Qxe4 {[%clk 00:06:24]} 14... Qd5 {[%clk 00:05:41]  [%emt 00:00:24]} 15.
Bxb4 {[%clk 00:05:56]  [%emt 00:00:31]} 15... cxb4 {
[%clk 00:05:29]  [%emt 00:00:41]} 16. Qxd5 {[%clk 00:05:52]  [%emt 00:00:04]}
16... exd5 {[%clk 00:05:32]} 17. Nxd4 {[%clk 00:05:49]} 17... Bc5 {
[%clk 00:05:06]  [%emt 00:00:11]} 18. c3 {[%clk 00:05:28]  [%emt 00:00:25]}
18... bxc3 {[%clk 00:05:08]  [%emt 00:00:06]} 19. bxc3 {[%clk 00:05:30]} 19...
Ba6 {[%clk 00:04:58]  [%emt 00:00:09]} 20. Rf3 {
[%clk 00:05:13]  [%emt 00:00:20]} 20... Rac8 {[%clk 00:04:32]  [%emt 00:00:30]}
21. Re1 {[%clk 00:04:28]  [%emt 00:01:12]} 21... b5 {
[%clk 00:03:58]  [%emt 00:00:14]} 22. Kf1 {[%clk 00:03:57]  [%emt 00:00:35]}
22... Bb6 {[%clk 00:03:58]  [%emt 00:00:04]} 23. Re7 {
[%clk 00:03:07]  [%emt 00:00:49]} 23... b4 {[%clk 00:03:31]  [%emt 00:00:38]}
24. Ne6 {[%clk 00:03:01]  [%emt 00:00:08]} 24... bxc3 {[%clk 00:03:30]} 25.
Rxg7+ {[%clk 00:02:56]  [%emt 00:00:08]} 25... Kh8 {
[%clk 00:03:32]  [%emt 00:00:04]} 26. Ne2 {[%clk 00:02:48]  [%emt 00:00:09]}
26... Rf6 {[%clk 00:02:51]  [%emt 00:00:40]} 27. Rh3 {
[%clk 00:02:38]  [%emt 00:00:14]} 27... h6 {[%clk 00:02:53]  [%emt 00:00:09]}
28. Re7 {[%clk 00:02:28]  [%emt 00:00:06]} 28... c2 {
[%clk 00:02:37]  [%emt 00:00:19]} 29. Rg3 {[%clk 00:02:03]  [%emt 00:00:28]}
29... c1=Q+ {[%clk 00:02:17]  [%emt 00:00:27]} 30. Nxc1 {[%clk 00:02:05]} 30...
Rxc1+ {[%clk 00:02:19]} 31. Ke2 {[%clk 00:02:07]} 31... Rc8 {
[%clk 00:01:55]  [%emt 00:00:23]} 32. f5 {[%clk 00:01:57]  [%emt 00:00:18]}
32... Rxf5 {[%clk 00:01:28]  [%emt 00:00:25]} 33. Rgg7 {
[%clk 00:01:47]  [%emt 00:00:17]} 33... Rf2+ {[%clk 00:01:30]} 34. Kd1 {
[%clk 00:01:40]  [%emt 00:00:10]} 34... Bxd3 {[%clk 00:01:31]  [%emt 00:00:04]}
35. g3 {[%clk 00:00:30]  [%emt 00:01:08]} 35... Be3 {
[%clk 00:01:23]  [%emt 00:00:14]} 36. Rc7 {[%clk 00:00:22]  [%emt 00:00:27]}
36... Rf1# 0-1

[Event "II Open Internacional Blitz Quart de Pob"]
[Site "Quart de Poblet, Spain"]
[Date "2019.08.10"]
[Round "7.6"]
[White "Ordonez Carrasco, Jorge"]
[Black "Galvan, Jesus"]
[Result "0-1"]
[WhiteElo "1559"]
[BlackElo "2200"]
[PlyCount "66"]
[EventDate "2019.??.??"]

1. e4 {[%clk 00:07:04]  [%emt 00:00:29]} 1... c5 {[%clk 00:07:05]} 2. Nf3 {
[%clk 00:07:06]} 2... Nf6 {[%clk 00:07:07]} 3. Nc3 {
[%clk 00:07:03]  [%emt 00:00:07]} 3... Nc6 {[%clk 00:07:09]} 4. d4 {
[%clk 00:07:04]} 4... d5 {[%clk 00:07:11]} 5. e5 {
[%clk 00:06:31]  [%emt 00:00:13]} 5... cxd4 {[%clk 00:07:13]  [%emt 00:00:13]}
6. exf6 {[%clk 00:06:25]} 6... dxc3 {[%clk 00:07:15]  [%emt 00:00:03]} 7. bxc3
{[%clk 00:06:18]  [%emt 00:00:23]} 7... gxf6 {[%clk 00:07:03]  [%emt 00:00:09]}
8. Bb5 {[%clk 00:06:06]  [%emt 00:00:12]} 8... e5 {
[%clk 00:07:02]  [%emt 00:00:04]} 9. c4 {[%clk 00:05:54]  [%emt 00:00:08]} 9...
d4 {[%clk 00:06:16]  [%emt 00:01:13]} 10. O-O {[%clk 00:05:37]  [%emt 00:00:04]
} 10... Bg7 {[%clk 00:06:17]  [%emt 00:00:04]} 11. Ba3 {
[%clk 00:05:28]  [%emt 00:00:05]} 11... Be6 {[%clk 00:05:51]  [%emt 00:00:25]}
12. Rb1 {[%clk 00:04:55]  [%emt 00:00:35]} 12... Qd7 {
[%clk 00:05:53]  [%emt 00:00:03]} 13. Qe2 {[%clk 00:04:26]  [%emt 00:00:40]}
13... Bf8 {[%clk 00:05:22]  [%emt 00:00:25]} 14. Bxf8 {
[%clk 00:04:17]  [%emt 00:00:12]} 14... Kxf8 {[%clk 00:05:23]  [%emt 00:00:31]}
15. Nd2 {[%clk 00:03:55]  [%emt 00:00:08]} 15... Bf5 {
[%clk 00:04:34]  [%emt 00:00:40]} 16. Nb3 {[%clk 00:03:28]  [%emt 00:00:37]}
16... Rg8 {[%clk 00:04:04]  [%emt 00:00:30]} 17. Kh1 {
[%clk 00:03:16]  [%emt 00:00:23]} 17... Rd8 {[%clk 00:03:25]  [%emt 00:00:30]}
18. Nc5 {[%clk 00:02:40]  [%emt 00:00:40]} 18... Qe7 {
[%clk 00:03:27]  [%emt 00:00:17]} 19. Ne4 {[%clk 00:02:36]  [%emt 00:00:03]}
19... Bg6 {[%clk 00:01:53]  [%emt 00:01:27]} 20. Rfe1 {
[%clk 00:01:53]  [%emt 00:00:43]} 20... Kg7 {[%clk 00:01:47]  [%emt 00:00:14]}
21. Ba4 {[%clk 00:01:17]  [%emt 00:00:59]} 21... Kh8 {[%clk 00:01:42]} 22. Rb2
{[%clk 00:00:58]  [%emt 00:00:12]} 22... f5 {[%clk 00:01:29]  [%emt 00:00:11]}
23. Ng3 {[%clk 00:00:53]  [%emt 00:00:42]} 23... e4 {[%clk 00:01:28]} 24. Reb1
{[%clk 00:00:47]} 24... Rd7 {[%clk 00:01:23]} 25. Rb5 {
[%clk 00:00:36]  [%emt 00:00:04]} 25... d3 {[%clk 00:01:11]  [%emt 00:00:12]}
26. cxd3 {[%clk 00:00:30]  [%emt 00:00:12]} 26... Nd4 {
[%clk 00:01:12]  [%emt 00:00:03]} 27. Qb2 {[%clk 00:00:28]  [%emt 00:00:03]}
27... exd3 {[%clk 00:00:57]  [%emt 00:00:15]} 28. Rxb7 {
[%clk 00:00:25]  [%emt 00:00:20]} 28... Rxb7 {[%clk 00:00:52]  [%emt 00:00:08]}
29. Qxd4+ {[%clk 00:00:16]} 29... f6 {[%clk 00:00:47]  [%emt 00:00:06]} 30. Rd1
{[%clk 00:00:13]  [%emt 00:00:31]} 30... Rd8 {[%clk 00:00:46]  [%emt 00:00:03]}
31. Qc3 {[%clk 00:00:13]} 31... Qe5 {[%clk 00:00:41]} 32. Qa3 {[%clk 00:00:10]}
32... d2 {[%clk 00:00:40]  [%emt 00:00:03]} 33. Rxd2 {[%clk 00:00:10]} 33...
Qe1+ {[%clk 00:00:38]  [%emt 00:00:04]} 0-1

[Event "II Open Internacional Blitz Quart de Pob"]
[Site "Quart de Poblet, Spain"]
[Date "2019.08.10"]
[Round "7.7"]
[White "Nieto Tornero, Jose"]
[Black "Martin Ayala, David"]
[Result "0-1"]
[WhiteElo "1932"]
[BlackElo "2058"]
[PlyCount "102"]
[EventDate "2019.??.??"]

1. e4 {[%clk 00:07:03]  [%emt 00:00:33]} 1... d5 {[%clk 00:07:04]} 2. Nc3 {
[%clk 00:06:50]  [%emt 00:00:04]} 2... d4 {[%clk 00:07:02]} 3. Nb1 {
[%clk 00:06:47]  [%emt 00:00:03]} 3... e5 {[%clk 00:07:01]} 4. d3 {
[%clk 00:06:45]  [%emt 00:00:04]} 4... Nf6 {[%clk 00:06:56]  [%emt 00:00:05]}
5. Be2 {[%clk 00:06:46]  [%emt 00:00:09]} 5... c5 {
[%clk 00:06:57]  [%emt 00:00:04]} 6. Nf3 {[%clk 00:06:48]} 6... Nc6 {
[%clk 00:06:59]} 7. O-O {[%clk 00:06:48]} 7... h6 {
[%clk 00:06:53]  [%emt 00:00:04]} 8. Ne1 {[%clk 00:06:16]  [%emt 00:00:39]}
8... c4 {[%clk 00:06:43]  [%emt 00:00:13]} 9. Nd2 {
[%clk 00:06:06]  [%emt 00:00:10]} 9... cxd3 {[%clk 00:06:38]  [%emt 00:00:40]}
10. Bxd3 {[%clk 00:06:01]} 10... Bg4 {[%clk 00:06:35]  [%emt 00:00:04]} 11. f3
{[%clk 00:05:47]  [%emt 00:00:03]} 11... Be6 {[%clk 00:06:27]  [%emt 00:00:38]}
12. Nc4 {[%clk 00:05:36]  [%emt 00:00:04]} 12... b5 {[%clk 00:06:17]} 13. Nd2 {
[%clk 00:05:28]  [%emt 00:00:04]} 13... a6 {[%clk 00:06:17]  [%emt 00:00:11]}
14. a4 {[%clk 00:05:05]  [%emt 00:00:21]} 14... Qa5 {
[%clk 00:05:32]  [%emt 00:00:45]} 15. Nb3 {[%clk 00:04:22]  [%emt 00:00:42]}
15... Bxb3 {[%clk 00:05:28]  [%emt 00:00:08]} 16. cxb3 {
[%clk 00:04:24]  [%emt 00:00:04]} 16... b4 {[%clk 00:05:03]  [%emt 00:00:25]}
17. f4 {[%clk 00:04:12]  [%emt 00:00:31]} 17... Nd7 {[%clk 00:05:01]} 18. fxe5
{[%clk 00:03:58]  [%emt 00:00:06]} 18... Ndxe5 {
[%clk 00:05:00]  [%emt 00:00:05]} 19. Be2 {[%clk 00:03:10]  [%emt 00:00:48]}
19... Bd6 {[%clk 00:04:38]  [%emt 00:01:18]} 20. Bf4 {[%clk 00:03:01]} 20...
O-O {[%clk 00:04:15]} 21. Rc1 {[%clk 00:02:52]  [%emt 00:00:10]} 21... Qb6 {
[%clk 00:04:14]  [%emt 00:00:07]} 22. Nd3 {[%clk 00:02:47]} 22... Nxd3 {
[%clk 00:04:03]  [%emt 00:00:07]} 23. Bxd3 {[%clk 00:02:26]  [%emt 00:00:37]}
23... Ne5 {[%clk 00:03:53]  [%emt 00:00:04]} 24. Bxe5 {
[%clk 00:02:22]  [%emt 00:00:08]} 24... Bxe5 {[%clk 00:03:54]} 25. Qh5 {
[%clk 00:02:14]  [%emt 00:00:09]} 25... Rae8 {[%clk 00:03:31]  [%emt 00:00:29]}
26. Rc4 {[%clk 00:02:07]  [%emt 00:00:06]} 26... Re7 {
[%clk 00:03:13]  [%emt 00:00:20]} 27. Qg4 {[%clk 00:02:06]  [%emt 00:00:39]}
27... Qd6 {[%clk 00:03:09]} 28. Rc8 {[%clk 00:01:55]} 28... Bxh2+ {
[%clk 00:02:53]  [%emt 00:00:04]} 29. Kh1 {[%clk 00:01:57]} 29... Be5 {
[%clk 00:02:33]  [%emt 00:00:45]} 30. Rxf8+ {[%clk 00:01:55]} 30... Kxf8 {
[%clk 00:02:31]} 31. Rc1 {[%clk 00:01:48]  [%emt 00:00:04]} 31... g6 {
[%clk 00:02:26]  [%emt 00:00:11]} 32. Qc8+ {[%clk 00:01:31]  [%emt 00:00:22]}
32... Kg7 {[%clk 00:02:28]} 33. Rc6 {[%clk 00:01:21]  [%emt 00:00:20]} 33...
Qd7 {[%clk 00:02:02]  [%emt 00:00:15]} 34. g4 {[%clk 00:01:09]  [%emt 00:00:17]
} 34... Qxc8 {[%clk 00:01:50]  [%emt 00:00:12]} 35. Rxc8 {
[%clk 00:01:11]  [%emt 00:00:17]} 35... Re6 {[%clk 00:01:50]} 36. Kg2 {
[%clk 00:01:03]} 36... Rf6 {[%clk 00:01:44]  [%emt 00:00:09]} 37. Re8 {
[%clk 00:00:51]  [%emt 00:00:12]} 37... Bf4 {[%clk 00:01:36]  [%emt 00:00:39]}
38. e5 {[%clk 00:00:44]  [%emt 00:00:04]} 38... Re6 {[%clk 00:01:33]} 39. Rxe6
{[%clk 00:00:45]} 39... fxe6 {[%clk 00:01:35]} 40. Bxa6 {[%clk 00:00:47]} 40...
Bxe5 {[%clk 00:01:36]} 41. Bd3 {[%clk 00:00:35]  [%emt 00:00:08]} 41... Bc7 {
[%clk 00:01:36]  [%emt 00:00:03]} 42. Kf3 {[%clk 00:00:27]  [%emt 00:00:11]}
42... Kf6 {[%clk 00:01:37]  [%emt 00:00:03]} 43. Be4 {
[%clk 00:00:23]  [%emt 00:00:05]} 43... Kg5 {[%clk 00:01:30]  [%emt 00:00:18]}
44. Bd3 {[%clk 00:00:18]  [%emt 00:00:08]} 44... h5 {[%clk 00:01:31]} 45. gxh5
{[%clk 00:00:19]} 45... gxh5 {[%clk 00:01:33]} 46. Ke4 {
[%clk 00:00:14]  [%emt 00:00:12]} 46... e5 {[%clk 00:01:27]  [%emt 00:00:04]}
47. a5 {[%clk 00:00:08]  [%emt 00:00:18]} 47... Bxa5 {[%clk 00:01:30]} 48. Kxe5
{[%clk 00:00:10]} 48... Bb6 {[%clk 00:01:31]} 49. Kd5 {[%clk 00:00:07]} 49...
Kf4 {[%clk 00:01:32]  [%emt 00:00:09]} 50. Kc4 {
[%clk 00:00:08]  [%emt 00:00:07]} 50... h4 {[%clk 00:01:30]} 51. Bf1 {
[%emt 00:00:03]} 51... Ke3 {[%emt 00:00:06]} 0-1

[Event "II Open Internacional Blitz Quart de Pob"]
[Site "Quart de Poblet, Spain"]
[Date "2019.08.10"]
[Round "7.8"]
[White "Deruelle Sala, Albert"]
[Black "Galvan Cipriani, Viviana"]
[Result "1-0"]
[WhiteElo "2105"]
[BlackElo "2015"]
[PlyCount "61"]
[EventDate "2019.??.??"]

1. Nf3 {[%clk 00:07:05]  [%emt 00:00:13]} 1... c5 {[%clk 00:07:04]} 2. b3 {
[%clk 00:07:07]} 2... Nc6 {[%clk 00:07:03]  [%emt 00:00:13]} 3. Bb2 {
[%clk 00:07:09]} 3... d6 {[%clk 00:06:59]} 4. g3 {[%clk 00:07:05]} 4... e5 {
[%clk 00:06:59]  [%emt 00:00:03]} 5. Bg2 {[%clk 00:07:07]} 5... Nge7 {
[%clk 00:07:01]  [%emt 00:00:04]} 6. O-O {[%clk 00:07:04]  [%emt 00:00:10]}
6... g6 {[%clk 00:07:02]} 7. e3 {[%clk 00:07:06]} 7... Bg7 {[%clk 00:07:03]} 8.
c4 {[%clk 00:07:05]  [%emt 00:00:04]} 8... O-O {
[%clk 00:07:02]  [%emt 00:00:04]} 9. d4 {[%clk 00:07:07]} 9... e4 {
[%clk 00:07:01]  [%emt 00:00:07]} 10. Ng5 {[%clk 00:06:51]  [%emt 00:00:14]}
10... f5 {[%clk 00:06:59]  [%emt 00:00:17]} 11. Qd2 {
[%clk 00:06:33]  [%emt 00:00:12]} 11... cxd4 {[%clk 00:06:51]  [%emt 00:00:10]}
12. exd4 {[%clk 00:06:35]  [%emt 00:00:04]} 12... d5 {[%clk 00:06:52]} 13. c5 {
[%clk 00:06:28]  [%emt 00:00:10]} 13... b6 {[%clk 00:06:45]  [%emt 00:00:11]}
14. b4 {[%clk 00:06:28]  [%emt 00:00:03]} 14... a5 {
[%clk 00:06:42]  [%emt 00:00:07]} 15. b5 {[%clk 00:06:30]} 15... Na7 {
[%clk 00:06:28]  [%emt 00:00:14]} 16. a4 {[%clk 00:06:28]  [%emt 00:00:21]}
16... h6 {[%clk 00:06:09]  [%emt 00:00:07]} 17. Nh3 {[%clk 00:06:30]} 17...
bxc5 {[%clk 00:06:10]  [%emt 00:00:11]} 18. dxc5 {[%clk 00:06:32]} 18... d4 {
[%clk 00:06:12]} 19. Na3 {[%clk 00:06:08]  [%emt 00:00:37]} 19... Be6 {
[%clk 00:06:08]} 20. Rac1 {[%clk 00:06:09]} 20... Bb3 {
[%clk 00:05:32]  [%emt 00:01:06]} 21. Rc4 {[%clk 00:05:29]  [%emt 00:00:05]}
21... Qd5 {[%clk 00:04:18]  [%emt 00:01:23]} 22. Nf4 {
[%clk 00:05:24]  [%emt 00:00:05]} 22... Qf7 {[%clk 00:03:28]  [%emt 00:00:51]}
23. Rxd4 {[%clk 00:05:23]  [%emt 00:00:11]} 23... g5 {
[%clk 00:02:51]  [%emt 00:00:34]} 24. Ne2 {[%clk 00:05:13]  [%emt 00:00:12]}
24... Bxd4 {[%clk 00:02:37]  [%emt 00:00:46]} 25. Qxd4 {[%clk 00:05:14]} 25...
Ng6 {[%clk 00:02:36]} 26. c6 {[%clk 00:03:13]  [%emt 00:01:43]} 26... Rfd8 {
[%clk 00:01:37]  [%emt 00:01:07]} 27. Qc3 {[%clk 00:02:35]  [%emt 00:00:34]}
27... Bxa4 {[%clk 00:01:06]  [%emt 00:00:34]} 28. c7 {
[%clk 00:02:37]  [%emt 00:00:42]} 28... Rd6 {[%clk 00:00:04]  [%emt 00:00:26]}
29. Qxa5 {[%clk 00:02:29]  [%emt 00:00:08]} 29... Qe8 {
[%clk 00:00:04]  [%emt 00:00:37]} 30. Qxa4 {[%clk 00:02:23]} 30... Qc8 {
[%clk 00:00:04]} 31. Qb3+ {[%clk 00:02:15]} 1-0